Obchodní komora věstník Obchodní a živnostenské komory v Plzni

Gespeichert in:
Bibliographische Detailangaben
Format: Schriftenreihe
Sprache:Tschechisch
Veröffentlicht: Plzeň Obchodní a živnostenská komora
Tags: Tag hinzufügen
Keine Tags, Fügen Sie das erste Tag hinzu!

MARC

LEADER 00000nas1a2200000 4500
001 0015139
005 20250730114820.9
041 0 |a cze 
044 |a CZ 
245 1 0 |a Obchodní komora  |b věstník Obchodní a živnostenské komory v Plzni 
264 1 |a Plzeň  |b Obchodní a živnostenská komora 
500 |a Záznam je prevzatý zo SKK-P UKB